Մարի Ֆելիսիտե Բրոսսեն հայագետ / (Record no. 126033)
[ view plain ]
| 000 -LEADER | |
|---|---|
| fixed length control field | 01171nam a2200277 a 4500 |
| 001 - CONTROL NUMBER | |
| control field | 000334897 |
| 003 - CONTROL NUMBER IDENTIFIER | |
| control field | AM-YeHGA |
| 005 - DATE AND TIME OF LATEST TRANSACTION | |
| control field | 20250618072108.0 |
| 008 - FIXED-LENGTH DATA ELEMENTS--GENERAL INFORMATION | |
| fixed length control field | 040514s2002 ai 000 | arm d |
| 020 ## - INTERNATIONAL STANDARD BOOK NUMBER | |
| International Standard Book Number | 9993071102 |
| 040 ## - CATALOGING SOURCE | |
| Original cataloging agency | AM-YeHGA |
| 041 0# - LANGUAGE CODE | |
| Language code of text/sound track or separate title | arm |
| 090 ## - LOCALLY ASSIGNED LC-TYPE CALL NUMBER (OCLC); LOCAL CALL NUMBER (RLIN) | |
| -- | 127391 |
| 100 1# - MAIN ENTRY--PERSONAL NAME | |
| Personal name | Դոլուխանյան, Աելիտա Գուրգենի, |
| Dates associated with a name | 1942- |
| 9 (RLIN) | 3307 |
| 245 10 - TITLE STATEMENT | |
| Title | Մարի Ֆելիսիտե Բրոսսեն հայագետ / |
| Statement of responsibility, etc. | Ա. Դոլուխանյան; Խմբ.՝ Ս. Սահակյան. |
| 260 ## - PUBLICATION, DISTRIBUTION, ETC. | |
| Place of publication, distribution, etc. | Երևան : |
| Name of publisher, distributor, etc. | Արտագերս, |
| Date of publication, distribution, etc. | 2002. |
| 300 ## - PHYSICAL DESCRIPTION | |
| Extent | 115 էջ : |
| Other physical details | դիմանկ. ; |
| Dimensions | 20 սմ. |
| 440 #0 - SERIES STATEMENT/ADDED ENTRY--TITLE | |
| Title | Եվրոպացի հայագետներ |
| 500 ## - GENERAL NOTE | |
| General note | Գիրքը նվ. է անվանի հայագետ Մարի Բրոսսեի ծննդյան 200-ամյակին |
| 500 ## - GENERAL NOTE | |
| General note | Հայագիտական հիմնական աշխատանքների ցանկ՝ էջ 107-113 |
| 500 ## - GENERAL NOTE | |
| General note | Ծանոթագրություններ՝ էջ 97-106 |
| 600 14 - SUBJECT ADDED ENTRY--PERSONAL NAME | |
| Personal name | Բրոսսե, Մարի Ֆելիսիտե |
| 650 14 - SUBJECT ADDED ENTRY--TOPICAL TERM | |
| Topical term or geographic name entry element | Հայագիտություն |
| 9 (RLIN) | 4600 |
| 650 14 - SUBJECT ADDED ENTRY--TOPICAL TERM | |
| Topical term or geographic name entry element | Հայոց պատմություն |
| 700 1# - ADDED ENTRY--PERSONAL NAME | |
| Personal name | Սահակյան, Սուրեն |
| Relator term | խմբ. |
| Relationship | edt |
| Withdrawn status | Lost status | Damaged status | Not for loan | Collection | Home library | Current library | Date acquired | Total checkouts | Full call number | Barcode | Date last seen | Price effective from | Koha item type | Public note |
|---|---|---|---|---|---|---|---|---|---|---|---|---|---|---|
| General | Fundamental Scientific Library | Fundamental Scientific Library | 22/12/2016 | AII/87078 | FL0065244 | 22/12/2016 | 22/12/2016 | Գրքեր / Books | 30 Days Loan |
ՀՀ Գիտությունների ազգային ակադեմիայի հիմնարար գիտական գրադարան = Fundamental Scientific Library of NAS RA
All site content, except where otherwise noted, is licensed under a